000 00688nam a2200289Ia 4500
005 20260324132817.0
008 008 260324s9999 xx 000 0 eng d
020 _a9780203013519
037 _aEBOOK
040 _aCRL
040 _beng
040 _cCRL
041 _2eng
041 _aeng
084 _qCRL
100 _aAlastair Wilson; Joseph F. Callo
_91190709
245 0 _aWho's Who in Naval History
245 0 _bFrom 1550 to the present
260 _bTaylor and Francis
260 _c2004
365 _a
365 _b180
856 _uhttp://www.taylorfrancis.com/books/9780203013519
942 _cEBOOK
999 _c1789134
_d1789134